Statistics for Rapper’s Most Streamed Song

Click here to take the quiz!

General Stats

  • This quiz has been taken 663 times
  • The average score is 8 of 15

Answer Stats

RapperSong% Correct
Juice WRLDLucid Dreams
84%
Travis Scottgoosebumps
78%
XXXTENTACIONSAD!
75%
FutureMask Off
69%
DrakeOne Dance
67%
Lil Uzi VertXO Tour Llif3
66%
J. ColeNo Role Modelz
65%
Playboi CartiMagnolia
61%
21 SavageBank Account
52%
Kanye WestStronger
49%
OffsetRic Flair Drip
34%
Don ToliverNo Idea
31%
NBA YoungBoyMake No Sense
18%
Young ThugThe London
15%
Trippie ReddTaking A Walk
13%

Score Distribution

Percentile by Number Answered

Percent of People with Each Score

Your Score History

You have not taken this quiz